书目信息 |
| 题名: |
怎样画荷花·兰花
|
|
| 作者: | 刘大洪 , 史如源 著 | |
| 分册: | ||
| 出版信息: | 北京 西苑出版社 2003.01 |
|
| 页数: | 44页 | |
| 开本: | 26cm | |
| 丛书名: | 中国画基础技法丛书 | |
| 单 册: | ||
| 中图分类: | J212.27 | |
| 科图分类: | ||
| 主题词: | 荷花-花卉画-技法(美术) , 花卉画-荷花-技法(美术) , 技法(美术)-花卉画-荷花 , 兰科-花卉画-技法(美术) , 花卉画-兰科-技法(美术) , 技法(美术)-花卉画-兰科 | |
| 电子资源: | ||
| ISBN: | 7-80108-050-5 | |
| 000 | 00990nam2 2200325 450 | |
| 001 | CALS012000505477 | |
| 005 | 20050531170528.21 | |
| 010 | @a7-80108-050-5@dCNY 10.00 | |
| 099 | @aCALS012000505477 | |
| 100 | @a19960719d2003 em y0chiy0121 ea | |
| 101 | 0 | @achi |
| 102 | @aCN@b110000 | |
| 105 | @aa z 000yy | |
| 200 | 10 | @a怎样画荷花·兰花@AZEN YANG HUA HE HUA · LAN HUA@f刘大洪,史如源著@FLIU DA HONG , SHI RU YUAN ZHU |
| 210 | @a北京@c西苑出版社@d2003.01 | |
| 215 | @a44页@d26cm | |
| 225 | 2 | @a中国画基础技法丛书 |
| 410 | 0 | @120010@a中国画基础技法丛书 |
| 540 | 1 | @a兰花@ALAN HUA |
| 606 | @a荷花-花卉画-技法(美术) | |
| 606 | @a花卉画-荷花-技法(美术) | |
| 606 | @a技法(美术)-花卉画-荷花 | |
| 606 | @a兰科-花卉画-技法(美术) | |
| 606 | @a花卉画-兰科-技法(美术) | |
| 606 | @a技法(美术)-花卉画-兰科 | |
| 690 | @aJ212.27@v4 | |
| 701 | 0 | @a刘大洪@ALIU DA HONG@4著 |
| 701 | 0 | @a史如源@ASHI RU YUAN@4著 |
| 801 | 0 | @aCN@bNLC@c20050531 |
| 905 | @a10447@dJ212.27@eL602 | |
| 怎样画荷花·兰花/刘大洪,史如源著.-北京:西苑出版社,2003.01 |
| 44页;26cm.-(中国画基础技法丛书) |
| ISBN 7-80108-050-5:CNY 10.00 |
| ● |
| 相关链接 |
|
|
|
正题名:怎样画荷花·兰花
索取号:J212.27/L602
 
预约/预借
| 序号 | 登录号 | 条形码 | 馆藏地/架位号 | 状态 | 备注 |
| 1 | 533722 | 205337223 | 社科库309/309社科库 69排3列2层/ [索取号:J212.27/L602] | 在馆 | |
| 2 | 533723 | 205337232 | 社科库309/309社科库 69排3列2层/ [索取号:J212.27/L602] | 在馆 |